[Event "DESC-ch email"]
[Site "DESC email"]
[Date "2001.01.13"]
[Round "1.13"]
[White "Eisengraeber Pabst, Axel"]
[Black "Lenert, Georg"]
[Result "1-0"]
[WhiteElo "1992"]
[BlackElo "1605"]
[PlyCount "47"]
[EventDate "2001.??.??"]
[EventType "team (corr)"]
[EventRounds "3"]
[EventCountry "GER"]
[SourceTitle "Corr 2008"]
[Source "ChessBase"]
[SourceDate "2008.06.24"]
[SourceVersion "1"]
[SourceVersionDate "2008.06.24"]
[SourceQuality "1"]

1. d4 Nf6 2. c4 d6 3. Nc3 Be6 4. e4 c5 5. d5 Bg4 6. Be2 h5 7. Qb3 b6 8. Bg5 Bd7 9. f4 g6 10. e5 dxe5 11. fxe5 Nh7 12. Be3 Bg7 13. Nf3 0-0 14. Rd1 Bg4 15. h3 Bxf3 16. Bxf3 a5 17. e6 Ra6 18. 0-0 f5 19. Bf4 Bxc3 20. Qxc3 h4 21. d6 g5 22. dxe7 Qxe7 23. Bd6 Qe8 24. Bxf8 1-0